Sports Quiz

Random Sports or WWE Quiz
Score 0/29 Timer 07:00
0 Plays Today
% Correct
Jeff Jarrett
88.1%
Braun Strowman
83.9%
Mustafa Ali
79.7%
Nia Jax
77.6%
Bobby Lashley
76.2%
Dean Ambrose
75.5%
Drew McIntyre
75.5%
Andrade Almas
72%
Kofi Kingston
70.6%
Samoa Joe
69.9%
Curt Hawkins
69.2%
Dolph Ziggler
69.2%
Titus O'Neil
69.2%
Elias
68.5%
No Way Jose
68.5%
% Correct
Xavier Woods
68.5%
Big E
65%
Jinder Mahal
64.3%
Kurt Angle
64.3%
Aleister Black
62.9%
Baron Corbin
62.9%
Rey Mysterio
62.9%
Shinsuke Nakamura
62.2%
Randy Orton
60.1%
Johnny Gargano
55.9%
Pete Dunne
52.4%
Apollo Crews
51%
Shelton Benjamin
49.7%
Jeff Hardy
41.3%
Remove Ads.
Support Sporcle.
Get the best of Sporcle when you Go Orange. This ad-free experience offers more features, more stats, and more fun while also helping to support Sporcle. Thank you for becoming a member.

You're not logged in!

Compare scores with friends on all Sporcle quizzes.
OR
Log In

Show Comments

Extras

Top Quizzes Today


Score Distribution

Your Account Isn't Verified!

In order to create a playlist on Sporcle, you need to verify the email address you used during registration. Go to your Sporcle Settings to finish the process.

Report this User

Report this user for behavior that violates our Community Guidelines.

Details: